| 000 | 00375nam a2200133Ia 4500 | ||
|---|---|---|---|
| 008 | 130318s9999 xx 000 0 und d | ||
| 020 | _a471389226 | ||
| 082 | _a005.8 AND/S | ||
| 100 | _aAnderson, Ross J | ||
| 245 | _aSecurity engineering: A guide to building dependable distributed systems | ||
| 260 |
_bWiley _aNew York _c2001 |
||
| 300 | _a612 | ||
| 650 | _aCOMPUTER SECURITY | ||
| 999 |
_c1295 _d1295 |
||